El reloj viviente /

Guardado en:
Formato: Deslizar
Series:Academia de Ciencias de EEUU
Materias:
Etiquetas: Agregar Etiqueta
Sin Etiquetas, Sea el primero en etiquetar este registro!
LEADER 00983ngm a22002775g 4500
001 CEM.cems021497
008 130507b1992##################0###0#####d
005 20240826191046.0
245 0 0 |a El reloj viviente / 
300 |a 56 
490 0 |a Academia de Ciencias de EEUU 
500 |a En soporte VHS, consultar en ventanilla. 
505 0 |a Ritmos internos corporales. Temperatura corporal. El sueño. Reacción, rendimiento y actividad cerebral. Hábitos humanos. La adaptación a ritmos de vida. El reloj biológico. Patrones para sueño y actividad. 
538 |a Soporte: VHS - Norma: Pal N - Color - Grabación Drd 1992 - Hitachi=3812 
082 6 1 |/ VIA 
653 |a FISIOLOGIA 
653 |a SUEÑO 
653 |a RELOJ BIOLOGICO 
653 |a ANATOMIA 
653 |a RELOJ 
653 |a BIOLOGIA 
653 |a RITMOS CORPORALES 
653 |a TEMPERATURA 
653 |a CEREBRO 
653 |a HABITOS 
859 |a CEMS  |b BIB. CEMS - Depto. Recursos Didacticos  |h 612  |i VIA  |k DRD  |p 140.12  |t Ej.1